| 000 -LEADER |
| fixed length control field |
00584nam a22001817a 4500 |
| 005 - DATE AND TIME OF LATEST TRANSACTION |
| control field |
20240329140859.0 |
| 008 - FIXED-LENGTH DATA ELEMENTS--GENERAL INFORMATION |
| fixed length control field |
240329s2021 gw ||||| |||| 00| 0 ger d |
| 020 ## - INTERNATIONAL STANDARD BOOK NUMBER |
| International Standard Book Number |
9783825255329 |
| 041 ## - LANGUAGE CODE |
| Language code of text/sound track or separate title |
ger |
| 080 ## - UNIVERSAL DECIMAL CLASSIFICATION NUMBER |
| Universal Decimal Classification number |
811.112.1 E-71 |
| 100 ## - MAIN ENTRY--PERSONAL NAME |
| Personal name |
Ernst, Peter |
| 9 (RLIN) |
21159 |
| 245 ## - TITLE STATEMENT |
| Title |
Deutsche Sprachgeschichte : |
| Remainder of title |
Eine Einführung in die diachrone Sprachwissenschaft des Deutschen / |
| Statement of responsibility, etc. |
Peter Ernst. |
| 250 ## - EDITION STATEMENT |
| Edition statement |
3 Auflage |
| 264 ## - PRODUCTION, PUBLICATION, DISTRIBUTION, MANUFACTURE, AND COPYRIGHT NOTICE |
| Place of production, publication, distribution, manufacture |
Regenburg, |
| Date of production, publication, distribution, manufacture, or copyright notice |
2021. |
| 300 ## - PHYSICAL DESCRIPTION |
| Extent |
260 p.: |
| Other physical details |
ill.; |
| Dimensions |
25 cm. |
| 653 ## - INDEX TERM--UNCONTROLLED |
| keyword |
გერმანული ენის ისტორია |
| 942 ## - ADDED ENTRY ELEMENTS (KOHA) |
| Source of classification or shelving scheme |
|
| Koha item type |
წიგნი |